Rivali famosi - Statistics

Statistiche generali
  • Questo quiz è stato fatto 218 volte
    170 dall'ultimo reset
  • Il punteggio medio è 22 su 26
Statistiche sulle risposte
Hint Risposta % Corretto
Sparta Atene
98%
Pepsi Coca-Cola
98%
Real Madrid FC Barcelona
97%
Ferrari Lamborghini
97%
Burger King Mc Donald's
97%
Cristiano Ronaldo Lionel Messi
96%
Joker Batman
95%
Pelé Maradona
95%
Apple Microsoft
95%
Beatles Rolling Stones
95%
Jerry Tom
95%
URSS USA
95%
Los Angeles Lakers Boston Celtics
92%
Vegeta Goku
90%
Simba Scar
88%
Nikon Canon
87%
AC Milan FC Internazionale
87%
Draco Malfoy Harry Potter
85%
Capuleti Montecchi
83%
Naruto Uzumaki Sasuke Uchiha
74%
Björn Borg John McEnroe
73%
Coco Chanel Elsa Schiaparelli
58%
Niki Lauda James Hunt
56%
Biff Tannen Marty McFly
51%
Dwight Schrute Jim Halpert
47%
Daniel LaRusso Johnny Lawrence
38%
Nessun quiz corrispondente trovato
Distribuzione punteggi
Percentuale di utenti per punteggio
Percentile per numero di risposta
I tuoi punteggi nel tempo
Non hai fatto questo quiz dall'ultimo reset